| 000 | 00452nam a2200181Ia 4500 | ||
|---|---|---|---|
| 008 | 100920s9999 xx 000 0 und d | ||
| 082 |
_b56235 _a6 थ 87 |
||
| 100 | _aHELM ERIC. | ||
| 245 | _aTHE HOBO WOODS. | ||
| 260 |
_bA GOLD EAGLE BOOK. _c1987 |
||
| 300 |
_a219 _bसाधी |
||
| 365 | _b30 | ||
| 520 | _aई.एल. एफ. | ||
| 630 | _aTHE HOBO WOODS. | ||
| 650 | _aई.एल. एफ. | ||
| 730 | _aTHE HOBO WOODS. | ||
| 942 | _cBOOK | ||
| 999 |
_c700405 _d700402 |
||